000 05716nam a2200553 a 4500
003 BLK
005 20231030154115.0
008 180409b bul|||||r ||||||| ||bul||
010 _aKNG00119235000
040 _aBLK
041 _aBUL
_cBUL
080 _aРуска литература
_b821.161.1
_z821.161.1-32
_x-32
100 1 _aРубакин, Николай Александрович
_eпърви автор
_9117147
139 _aРубакин, Н. А.
245 1 0 _aПриключения на два парахода или Разкази за царството на вечния студ
_cНиколай Александрович Рубакин ; Прев. от рус. Ц. Сталийски.
257 _aBGR
260 _bХристо Г. Данов
_c1898
_9209596
_aПловдив
_n954-442-
300 _a2, 115 с.
_bс ил.
_c22 cm
380 _aX
490 _aКолекция Редки и ценни издания
_9435080
490 _aЛична библиотека на Захари Стоянов
_9435931
_v48
700 _91121
_aСталийски, Цано Алексиев
_eпрев. от рус.
852 _aРб 898 ЗСт
_bРц
856 4 _qjpg
_fСъдържание
_lreg users access
_uhttp://185.138.176.146:18082/cgi-bin/koha/opac-retrieve-file.pl?id=3fc5391e0c85573a3f879c1af550b9b3
_xpicjpg
_zСъдържание 1
856 4 _qpdf
_fСъдържание
_lreg users access
_uhttp://185.138.176.146:18082/cgi-bin/koha/opac-retrieve-file.pl?id=9faaa7078267efb2e4054a953cc1c342
_xpicjpg
_zСъдържание 2
856 4 _qjpg
_fИзображение
_lreg users access
_uhttp://185.138.176.146:18082/cgi-bin/koha/opac-retrieve-file.pl?id=bc3a1b87e571d1db62f42793e02ff2c5
_xpicjpg
_zИзображение с. 3
856 4 _qjpg
_fИзображение
_lreg users access
_uhttp://185.138.176.146:18082/cgi-bin/koha/opac-retrieve-file.pl?id=0ef3649d85c79ada1385a77faf8f58a2
_xpicjpg
_zИзображение с. 4
856 4 _qjpg
_fТекст и изображение
_lreg users access
_uhttp://185.138.176.146:18082/cgi-bin/koha/opac-retrieve-file.pl?id=772cefe2fa7c9d7b9760326dc1db67dd
_xpicjpg
_zТекст и изображение с. 5
856 4 _qpdf
_fТекст и изображение
_lreg users access
_uhttp://185.138.176.146:18082/cgi-bin/koha/opac-retrieve-file.pl?id=b0077e3b728166697fb5e653e3e6f025
_xpicjpg
_zТекст и изображение с. 8
856 4 _qjpg
_fТекст и изображение
_lreg users access
_uhttp://185.138.176.146:18082/cgi-bin/koha/opac-retrieve-file.pl?id=2da855ff12ccc521bbcbcedb241f2280
_xpicjpg
_zТекст и изображение с. 10
856 4 _qjpg
_fТекст и изображение
_lreg users access
_uhttp://185.138.176.146:18082/cgi-bin/koha/opac-retrieve-file.pl?id=52b104043a86fc8247237c37ef632fe0
_xpicjpg
_zТекст и изображение с. 12
856 4 _qjpg
_fТекст и изображение
_lreg users access
_uhttp://185.138.176.146:18082/cgi-bin/koha/opac-retrieve-file.pl?id=f332045f4b92bc21d505871834ba9ee1
_xpicjpg
_zТекст и изображение с. 13
856 4 _qjpg
_fИзображение
_lreg users access
_uhttp://185.138.176.146:18082/cgi-bin/koha/opac-retrieve-file.pl?id=c701d4fcac0be1ff250ae6078e3b79be
_xpicjpg
_zИзображение с. 16
856 4 _qjpg
_fИзображение
_lreg users access
_uhttp://185.138.176.146:18082/cgi-bin/koha/opac-retrieve-file.pl?id=26314d96bcde6f718ca2f658c7082de5
_xpicjpg
_zИзображение с. 19
856 4 _qjpg
_fИзображение
_lreg users access
_uhttp://185.138.176.146:18082/cgi-bin/koha/opac-retrieve-file.pl?id=8ed6d1ad6f2b346bee3f20f6ea869b7f
_xpicjpg
_zИображение с.22
856 4 _qjpg
_fИзображение
_lreg users access
_uhttp://185.138.176.146:18082/cgi-bin/koha/opac-retrieve-file.pl?id=917e837acae988c143d628bfd660f035
_xpicjpg
_zИзображение с. 28
856 4 _qpdf
_fИзображение
_lreg users access
_uhttp://185.138.176.146:18082/cgi-bin/koha/opac-retrieve-file.pl?id=d9343879f701ee10ed6e9f80e188ec58
_xpicjpg
_zИзображение с. 39
856 4 _qjpg
_fИзображение
_lreg users access
_uhttp://185.138.176.146:18082/cgi-bin/koha/opac-retrieve-file.pl?id=87e04b4fe058824510e962443212b726
_xpicjpg
_zИзображение с. 50
856 4 _qjpg
_fТекст и изображение
_lreg users access
_uhttp://185.138.176.146:18082/cgi-bin/koha/opac-retrieve-file.pl?id=97dd0e5c3b52e88a7eaddfd8ace9a4d6
_xpicjpg
_zТекст и изображение с. 51
856 4 _qjpg
_fСъдържание
_iИизображение
_lreg users access
_uhttp://185.138.176.146:18082/cgi-bin/koha/opac-retrieve-file.pl?id=bc5b303b794a3008903afcd08725454a
_xpicjpg
_zИзображение с. 54
856 4 _qjpg
_fТекст и изображение
_iТекст
_lreg users access
_uhttp://185.138.176.146:18082/cgi-bin/koha/opac-retrieve-file.pl?id=7d2286869148957b258f4b3b6e43f921
_xpicjpg
_zТекст и изображение с. 83
856 4 _qjpg
_fТекст
_lreg users access
_uhttp://185.138.176.146:18082/cgi-bin/koha/opac-retrieve-file.pl?id=545ad7994a0e205aeda088db62da304b
_xpicjpg
_zТекст с. 92
856 4 _qjpg
_fИзображение
_lreg users access
_uhttp://185.138.176.146:18082/cgi-bin/koha/opac-retrieve-file.pl?id=2d73b4c91edcc6e2f40668760380300d
_xpicjpg
_zИзображение
856 4 _qjpg
_fТекст с. 115
_lreg users access
_uhttp://185.138.176.146:18082/cgi-bin/koha/opac-retrieve-file.pl?id=8e60ad5bb927e4c50f7bbb4407e04c99
_xpicjpg
_zТекст с. 115
942 _cKNG
_n0
_s1
944 _aCR
_c2020-11-05
_k30542
_lРусанова Ирена
999 _c391325
_d391325
999 _d391325
999 _d391325